Sexo y carácter

Bewaard in:
Bibliografische gegevens
Hoofdauteur: Weininger, Otto (Auteur)
Formaat: Boek
Taal:Spaans
Gepubliceerd in: Buenos Aires Editorial Losada 1942
Editie:1a. ed
Onderwerpen:
Tags: Voeg label toe
Geen labels, Wees de eerste die dit record labelt!

MARC

LEADER 00000cam a2200000 a 4500
001 UCC3119
003 CL-VaPUC
008 180413e19420000ag |||||||||||||||||spa|d
082 0 4 |a 155.3  |b WEI  |2 21 
100 0 |a Weininger, Otto  |e author  |9 597186 
245 1 0 |a Sexo y carácter 
250 |a 1a. ed 
300 |a 472 p 
942 |c BK 
945 |d 20180413 15:45:00  |a arojas 
260 |a Buenos Aires  |b Editorial Losada  |c 1942 
650 0 |a Psicología individual  |9 309049 
650 7 |a HOMBRE  |2 CL-VaPUC  |9 262149 
650 0 |a Mujeres  |9 257649 
650 0 |a Homosexualidad  |9 255614 
650 0 |a Sexo  |9 257818 
650 0 |a Comportamiento sexual  |9 334955 
650 0 |a Conceptos morales   |9 310606 
583 |a last modification  |c 20180413 15:45:00  |k Rodrigo Vera 
999 |c 370970  |d 370968 
952 |0 0  |1 0  |3 erd  |4 0  |6 155_300000000000000_WEI_1942  |7 0  |8 P  |9 487776  |a BIBEDU  |b BIBEDU  |i 5465370  |l 3  |o 155.3 WEI 1942  |p 5465370  |r 2024-06-12  |s 2024-06-12  |w 2019-11-24  |y BK  |z Catalogado en:20180413  |k PSI